Peep Inside The Zoo/ (Record no. 49217)
| 000 -LEADER | |
|---|---|
| fixed length control field | 00388nam a2200121 4500 |
| 020 ## - INTERNATIONAL STANDARD BOOK NUMBER | |
| International Standard Book Number | 9781409549925 |
| 245 ## - TITLE STATEMENT | |
| Title | Peep Inside The Zoo/ |
| Remainder of title | by Anna Milbourne, Illustrated by Simona Dimitri. |
| 260 ## - PUBLICATION, DISTRIBUTION, ETC. (IMPRINT) | |
| Place of publication, distribution, etc | UK; |
| Name of publisher, distributor, etc | Usborne Publishing Ltd. : |
| Date of publication, distribution, etc | 2001. |
| 300 ## - PHYSICAL DESCRIPTION | |
| Extent | 14 pages. |
| Dimensions | 6.57 x 0.67 x 7.44 inches. |
| 490 ## - SERIES STATEMENT | |
| Series statement | Peep Inside |
| 650 ## - SUBJECT ADDED ENTRY--TOPICAL TERM | |
| 9 (RLIN) | 83545 |
| Topical term or geographic name as entry element | Juvenile Fiction |
| General subdivision | Animals |
| -- | Zoos |
| 942 ## - ADDED ENTRY ELEMENTS (KOHA) | |
| Source of classification or shelving scheme | |
| Koha item type | Board Book |
| Withdrawn status | Lost status | Source of classification or shelving scheme | Damaged status | Not for loan | Home library | Current library | Date acquired | Total Checkouts | Full call number | Barcode | Date last seen | Date checked out | Price effective from | Koha item type | Total Renewals | Checked out |
|---|---|---|---|---|---|---|---|---|---|---|---|---|---|---|---|---|
| Logos International School | Logos International School | 08/11/2025 | 10 | BB MIL | 042826 | 04/24/2026 | 03/05/2026 | 08/11/2025 | Board Book | |||||||
| Logos International School | Logos International School | 08/11/2025 | 4 | BB MIL | 100114 | 04/20/2026 | 04/20/2026 | 08/11/2025 | Board Book | 1 | 05/08/2026 |